Programming in cobol / (Record no. 40178)

MARC details
000 -LEADER
fixed length control field 00712nam a22002057a 4500
005 - DATE AND TIME OF LATEST TRANSACTION
control field 2010080702052.0
010 ## - LCCN (DPL NO)
LC control number ENG-98849
020 ## - INTERNATIONAL STANDARD BOOK NUMBER
International Standard Book Number 9788190752176
Terms of availability 90.00
035 ## - SYSTEM CONTROL NUMBER
System control number EN-82381
037 ## - SOURCE OF ACQUISITION
Source of stock number/acquisition DBAD/PUB
082 ## - DEWEY DECIMAL CLASSIFICATION NUMBER
Classification number 005.133
100 ## - MAIN ENTRY--PERSONAL NAME
Personal name Ravi, P.
245 ## - TITLE STATEMENT
Title Programming in cobol /
Statement of responsibility, etc by P. Ravi
260 ## - PUBLICATION, DISTRIBUTION, ETC. (IMPRINT)
Place of publication, distribution, etc Rajapalaiyam
Name of publisher, distributor, etc Guna Puthaga Nilayam
Date of publication, distribution, etc 2008
270 ## - ADDRESS
Address 90, Mudangiaru Road
City Rajapalaiyam
Postal code 626117
300 ## - PHYSICAL DESCRIPTION
Extent 147p.
Dimensions 21cm (pbk)
650 ## - SUBJECT ADDED ENTRY--TOPICAL TERM
Topical term or geographic name as entry element Cobal (Computer Programme Language)
942 ## - ADDED ENTRY ELEMENTS (KOHA)
Source of classification or shelving scheme Dewey Decimal Classification
Item type English Books
Classification part 005.133
Call number suffix RAV
Holdings
Withdrawn status Lost status Not for loan Collection code Home library Current library Date acquired Source of acquisition Cost, normal purchase price Full call number Barcode Copy number Cost, replacement price Koha item type
    Not For Loan Non-fiction D.B.Act.Division D.B.Act.Division 07/08/2010 DBAD/PUB 90.00 005.133 RAV EN-82381 1 90.00 English Books

© Delhi Public Library
Hit Counter
free hit counter